000 00611nam a2200181Ia 4500
008 090630s9999 xx 000 0 und d
082 _b17938
100 _aजोशी व. कृ.
245 _aसंशोधकाचा मृत्यु.
_cजोशी व. कृ.
260 _bस्वप्न - पुणे.
_c2000
300 _a203
600 _aजोशी व. कृ.
630 _aसंशोधकाचा मृत्यु.
655 _aलघुकथा.
700 _aजोशी व. कृ.
730 _aसंशोधकाचा मृत्यु.
942 _cBOOK
999 _c269794
_d269794